| 000 | 00753nam a2200217 i 4500 | ||
|---|---|---|---|
| 001 | 38640 | ||
| 003 | ES-MaACL | ||
| 005 | 20250820063027.0 | ||
| 007 | t| | ||
| 008 | 030226s1859 po ||||1| por d | ||
| 100 | 1 |
_aCamões, Luís de, _d1524?-1580 _9181622 |
|
| 245 | 1 | 3 |
_aOs Lusiadas / _cde Luis de Camoes ; segundo a do Morgado Matteus notas e vida do autor pel mesmo corregida e enriquecida pelo Caetano Lopes de Mousa. |
| 250 | _aNova ediçao. | ||
| 260 |
_aParis : _b[s.n., _c1859] ( _fTip. Firmin Didot) |
||
| 300 |
_aII, 415 p. ; _c18 cm. |
||
| 700 | 1 |
_aSousa Botelho, José María de. _9107579 |
|
| 700 | 1 |
_aLopes de Moura, Caetano. _973291 |
|
| 852 |
_aES-MaACL _jG-8393 |
||
| 852 |
_aES-MaACL _jD-2688 |
||
| 999 |
_c38640 _d38640 |
||